000 01040nam a2200301 a 4500
001 33712
003 BD-RjUL
005 20211209052040.0
008 140511s1988 nyua b 001 0 eng d
020 _a0446391476 :
035 _a(BD-RjUL)33803
040 _aDLC
_cDLC
_dDLC
_dBD-RjUL
_beng
041 _aeng
082 0 0 _a303.4
_220
_bHAG 1988
100 1 _aHarman, Willis W.
_9102366
245 1 0 _aGlobal mind change :
_bthe new age revolution in the way we think /
_cWillis Harman.
250 _aWarner Books ed.
260 _aNew York, NY :
_bWarner Books,
_cc1988.
300 _a186 p. :
_bill. ;
_c21 cm.
500 _aOriginally published: 1st ed. : Indianapolis, Ind. : Knowledge Systems, c1988.
504 _aIncludes bibliographical references (p. 171-174) and index.
650 0 _aSocial change.
_9102367
650 0 _aAttitude change.
_97284
856 4 2 _3Publisher description
_uhttp://www.loc.gov/catdir/enhancements/fy0914/89021492-d.html
942 _2ddc
_cBK
999 _c33712
_d33712